| 000 | 00397nam a2200169Ia 4500 | ||
|---|---|---|---|
| 008 | 220531s9999 xx 000 0 und d | ||
| 041 | _aeng | ||
| 082 | _bVER | ||
| 100 |
_aVerma, V. \. Others _954808 |
||
| 245 | _aBusi. Informatics | ||
| 260 |
_bVision _c2008 |
||
| 300 | _a9.18 | ||
| 542 | _d04-12-2008 | ||
| 650 |
_aManagement _954809 |
||
| 906 | _d2008-2009 | ||
| 999 |
_c31703 _d31703 |
||